Initialed People AW to ZW Quiz Stats

 Plays Quiz Updated Jan 20, 2017

Challenge
Share
Tweet
Embed
Score 0/22 Timer 04:00
6 Plays Today
Clue Answer % Correct
Artist associated with the Pop Art movement who coined the phrase '15 minutes of fame'Andy Warhol
88.6%
US hip hop artist who released his sixth album, 'Yeezus', in 2013Kanye West
86.6%
Professional golfer who holds the record for most consecutive weeks ranked as World No. 1Tiger Woods
82%
18th century figure typically considered to be the first First Lady of the United StatesMartha Washington
76.1%
Indiana-born co-designer and inventor of the world's first successfully-flown airplaneWilbur Wright
73.2%
Actor known for this roles as Barry Zuckerkorn in 'Arrested Development' and The Fonz in 'Happy Days'Henry Winkler
72.8%
Massachusetts-born inventor of the cotton gin, a key invention of the Industrial RevolutionEli Whitney
67%
American musician known for his work with 'The White Stripes', 'The Raconteurs' and 'The Dead Weather'Jack White
64%
Irish-born writer known for his witty epigrams and plays, which include 'The Importance of Being Earnest'Oscar Wilde
61.9%
Lexicographer who was responsible for one of the first dictionaries of American EnglishNoah Webster
60.2%
Actor with a very distinctive speaking voice known for his roles in 'The Deer Hunter' and 'Pulp Fiction'Christopher Walken
56%
Clue Answer % Correct
Singer of the songs 'Walk on By' and 'I Say a Little Prayer'Dionne Warwick
53.9%
Canadian-born actress best known for her roles in horror films, particularly as Ann Darrow in 'King Kong'Fay Wray
50.3%
American inventor and computer engineer who co-founded Apple Inc. with Steve JobsSteve Wozniak
48.7%
British author of the novel 'Mrs. Dalloway', played by Nicole Kidman in the film 'The Hours'Virginia Woolf
46.4%
Former President of Poland who co-founded the Solidarity trade union resulting in a Nobel Peace PrizeLech Wałęsa
44.5%
English writer and creator of the characters Jeeves and WoosterP.G. Wodehouse
25.7%
British sideburn-sporting cyclist who won Olympic Gold and the Tour de France in 2012Bradley Wiggins
24.1%
British 18th century politican and statesman usually considered Britain's first Prime MinisterRobert Walpole
16%
Scottish author and playwright whose work includes the novel 'Trainspotting'Irvine Welsh
14.7%
Four-time Tony Award nominated actress who played Madam Hooch in the Harry Potter film seriesZoë Wanamaker
13.1%
Former FIFA World Player of the Year who was the runner up in the 2005 Liberian Presidential electionGeorge Weah
13%

You're not logged in!

Compare scores with friends on all Sporcle quizzes.
OR
Log In

You Might Also Like...

Show Comments

Extras

Top Quizzes Today


Score Distribution

Your Account Isn't Verified!

In order to create a playlist on Sporcle, you need to verify the email address you used during registration. Go to your Sporcle Settings to finish the process.

Report this User

Report this user for behavior that violates our Community Guidelines.

Details: